[Event "Mittelfranken-chT2b 1617"]
[Site "Mittelfranken"]
[Date "2017.03.26"]
[Round "8.2"]
[White "Goetz, Dieter"]
[Black "Perner, Bastian"]
[Result "1/2-1/2"]
[WhiteElo "1836"]
[BlackElo "1828"]
[PlyCount "47"]
[EventDate "2016.10.23"]
[EventType "team-tourn"]
[EventRounds "9"]
[EventCountry "GER"]
[SourceTitle "EXT 2022"]
[Source "ChessBase"]
[SourceDate "2021.10.06"]
[SourceVersion "1"]
[SourceVersionDate "2021.10.06"]
[SourceQuality "1"]
[WhiteTeam "Nuernberg SK 1911 II"]
[BlackTeam "Heideck/Hilpoltstein"]
[WhiteTeamCountry "GER"]
[BlackTeamCountry "GER"]

1. c4 c5 2. Nc3 Nf6 3. g3 g6 4. Bg2 Bg7 5. e4 Nc6 6. Nge2 e5 7. 0-0 Nd4 8. d3 0-0 9. h3 d6 10. f4 a6 11. fxe5 dxe5 12. Nd5 Qd6 13. Nec3 b5 14. Bg5 Nxd5 15. Nxd5 f6 16. Be3 Rb8 17. b3 Be6 18. Rc1 b4 19. Rf2 a5 20. Kh2 Rb7 21. Bxd4 cxd4 22. Qd2 Qc5 23. Rcf1 Rbf7 24. Kh1 1/2-1/2

[Event "Mittelfranken-chTB2b 1314"]
[Site "Mittelfranken"]
[Date "2014.05.04"]
[Round "9.6"]
[White "Zippel, Harald"]
[Black "Perner, Bastian"]
[Result "1-0"]
[WhiteElo "1705"]
[BlackElo "1850"]
[PlyCount "53"]
[EventDate "2013.10.20"]
[EventType "team-tourn"]
[EventRounds "9"]
[EventCountry "GER"]
[SourceTitle "EXT 2020"]
[Source "ChessBase"]
[SourceDate "2019.10.17"]
[SourceVersion "1"]
[SourceVersionDate "2019.10.17"]
[SourceQuality "1"]
[WhiteTeam "Nuernberg NT IV"]
[BlackTeam "Heideck/Hilpoltstein"]
[WhiteTeamCountry "GER"]
[BlackTeamCountry "GER"]

1. e4 e5 2. d4 exd4 3. c3 d5 4. exd5 dxc3 5. Nxc3 Bb4 6. Bc4 Bxc3+ 7. bxc3 Nf6 8. Qe2+ Qe7 9. Qxe7+ Kxe7 10. Nf3 Ne4 11. 0-0 Re8 12. Ba3+ Nd6 13. Bb3 f6 14. Rfe1+ Kf7 15. Rxe8 Kxe8 16. c4 b6 17. Re1+ Kf7 18. Nd4 Bd7 19. Ne6 Bxe6 20. Rxe6 Nc8 21. Ba4 c5 22. Bc1 Ne7 23. Bf4 Na6 24. a3 Rd8 25. g4 Ng6 26. Bg3 Nf8 27. Rc6 1-0

[Event "Mittelfranken-chTB2b 1314"]
[Site "Mittelfranken"]
[Date "2014.03.30"]
[Round "8.6"]
[White "Perner, Bastian"]
[Black "Niebler, Andreas"]
[Result "1/2-1/2"]
[WhiteElo "1850"]
[BlackElo "1780"]
[PlyCount "49"]
[EventDate "2013.10.20"]
[EventType "team-tourn"]
[EventRounds "9"]
[EventCountry "GER"]
[SourceTitle "EXT 2020"]
[Source "ChessBase"]
[SourceDate "2019.10.17"]
[SourceVersion "1"]
[SourceVersionDate "2019.10.17"]
[SourceQuality "1"]
[WhiteTeam "Heideck/Hilpoltstein"]
[BlackTeam "Neumarkt"]
[WhiteTeamCountry "GER"]
[BlackTeamCountry "GER"]

1. e4 e6 2. d4 d5 3. exd5 exd5 4. Bd3 Bd6 5. c3 c6 6. Ne2 Qf6 7. Ng3 Ne7 8. 0-0 g6 9. Qd2 0-0 10. Qh6 Qg7 11. Qxg7+ Kxg7 12. Nd2 Bg4 13. Nb3 Nd7 14. Be2 Bxe2 15. Nxe2 Rae8 16. Bf4 Nf5 17. Bxd6 Nxd6 18. Nf4 Re4 19. Nd3 b6 20. Rfe1 Rfe8 21. Kf1 a5 22. Nd2 Rxe1+ 23. Rxe1 Rxe1+ 24. Kxe1 f5 25. Nf3 1/2-1/2

[Event "Mittelfranken-chTB2b 1314"]
[Site "Mittelfranken"]
[Date "2013.12.01"]
[Round "3.6"]
[White "Meyer, Juergen"]
[Black "Perner, Bastian"]
[Result "0-1"]
[WhiteElo "1735"]
[BlackElo "1850"]
[PlyCount "88"]
[EventDate "2013.10.20"]
[EventType "team-tourn"]
[EventRounds "9"]
[EventCountry "GER"]
[SourceTitle "EXT 2020"]
[Source "ChessBase"]
[SourceDate "2019.10.17"]
[SourceVersion "1"]
[SourceVersionDate "2019.10.17"]
[SourceQuality "1"]
[WhiteTeam "Uttenreuth"]
[BlackTeam "Heideck/Hilpoltstein"]
[WhiteTeamCountry "GER"]
[BlackTeamCountry "GER"]

1. d4 d5 2. Nf3 e6 3. e3 c5 4. b3 Nf6 5. Bd3 Nc6 6. 0-0 Bd6 7. Nbd2 0-0 8. Bb2 Qc7 9. a3 cxd4 10. exd4 Re8 11. Re1 e5 12. dxe5 Nxe5 13. Nxe5 Bxe5 14. Bxe5 Rxe5 15. Rxe5 Qxe5 16. Nf3 Qc3 17. Qe1 Qc7 18. Qe5 Qxe5 19. Nxe5 Bd7 20. Nxd7 Nxd7 21. Re1 Kf8 22. Bf5 Nf6 23. f3 g6 24. Bd3 Re8 25. Rxe8+ Kxe8 26. Kf2 Ke7 27. Ke3 g5 28. g4 h6 29. b4 Nd7 30. Kd4 Kd6 31. c3 Ne5 32. Be2 Nc6+ 33. Ke3 Ke5 34. Bb5 Ne7 35. Be8 f6 36. Bb5 f5 37. h3 fxg4 38. hxg4 Ng6 39. a4 Nf4 40. Bf1 b6 41. a5 Ne6 42. axb6 axb6 43. Be2 d4+ 44. cxd4+ Nxd4 0-1